[Event "IRT Club Caissa 2019"]
[Site "Guatemala"]
[Date "2019.01.10"]
[Round "2.4"]
[White "Gongora Montes, Benjamin"]
[Black "Cuenca Jimenez, Jose Fernando"]
[Result "0-1"]
[WhiteElo "2143"]
[BlackElo "2512"]
[Annotator "TA"]
[PlyCount "48"]
[EventDate "2019.01.09"]
[EventType "swiss"]
[EventCountry "GUA"]
[SourceTitle "playchess.com"]
[Source "ChessBase"]
[SourceQuality "1"]

{[%evp 15,48,-9,-21,-74,-65,-66,-79,-83,-81,-117,-114,-98,-81,-72,-88,-75,-80,-141,-139,-142,-145,-138,-144,-147,-145,-104,-118,-126,-118,-126,-115,-183,-160,-441,-429]} 1. d4 Nf6 2. Nf3 g6 3. Bg5 Bg7 4. Nbd2 O-O 5. e4 {[%cal Be2e4,Be4e5][%mdl 32]} d5 6. Bd3 c5 {A48: 1 d4 Nf6 2 Nf3 g6: Torre, London and Colle Systems} (6... dxe4 7. Nxe4 Nxe4 8. Bxe4 Nd7 9. O-O h6 10. Be3 e5 11. Nxe5 Nxe5 12. dxe5 Bxe5 13. Qxd8 Rxd8 14. Bxh6 Bxb2 15. Rab1 Bd4 16. Bxb7 Bxb7 17. Rxb7 {1-0 (34) Bu,X (2711)-Gupta,A (2627) Liaocheng 2017}) 7. e5 Nfd7 8. c3 Nc6 {LiveBook: 3 Games. The position is equal.} 9. h4 $146 (9. O-O $11 {keeps the balance.}) ({Predecessor:} 9. O-O Qb6 10. Qb3 Qxb3 11. axb3 cxd4 12. cxd4 f6 13. exf6 exf6 14. Bf4 {0-1 (38) Vilela de Acuna,J (2328)-Van Foreest,J (2468) Paramaribo 2014}) 9... cxd4 10. cxd4 f6 11. exf6 Nxf6 12. O-O Ng4 13. Re1 Qd6 14. Nf1 e5 15. dxe5 Ncxe5 16. Be2 {[#]} ({Better is} 16. Bc2) 16... Nxf2 $1 $17 {[%mdl 512]} 17. Kxf2 {aiming for Kg1.} Ng4+ {[%mdl 64] Discovered Attack} 18. Kg1 {[#] Strongly threatening Ne3.} Qb6+ $1 19. Ne3 Nxe3 20. Bxe3 Qxe3+ 21. Kh1 Qc5 22. Rc1 Qa5 23. b4 {[#]} (23. Ng5 $17 {keeps fighting.} h6 24. Nf3) 23... Qd8 $1 $19 {And now ...Rxf3! would win.} ({But not} 23... Qxa2 24. Rc7 $15) ({Worse is} 23... Qxb4 24. Qxd5+ Kh8 25. Bc4 $11) 24. Rc5 $2 {[#]} (24. Qd2 $17 {was worth a try.}) 24... Rxf3 $1 {[%mdl 512] Accuracy: White = 18%, Black = 88%.} 0-1

[Event "IRT Club Caissa 2019"]
[Site "Guatemala"]
[Date "2019.01.10"]
[Round "2.5"]
[White "Reyes Najera, Carlos A."]
[Black "Strikovic, Aleksa"]
[Result "0-1"]
[WhiteElo "2124"]
[BlackElo "2490"]
[Annotator "TA"]
[PlyCount "84"]
[EventDate "2019.01.09"]
[EventType "swiss"]
[EventCountry "GUA"]
[SourceTitle "playchess.com"]
[Source "ChessBase"]
[SourceQuality "1"]

{[%evp 13,84,56,67,0,10,0,-5,-13,6,-13,-11,-19,-27,-23,-9,-5,0,-7,-8,-43,0,-12,0,-37,-31,-43,-38,-47,-42,-60,-56,-70,-72,-76,-66,-85,-76,-78,-84,-87,-87,-81,-79,-87,-81,-79,-78,-88,-70,-79,-72,-75,-70,-107,-97,-195,-184,-578,-593,-497,-315,-654,-646,-587,-527,-617,-590,-874,-755,-848,-749,-1116,-993]} 1. d4 d6 2. Nf3 Nd7 3. c4 e5 4. Nc3 Ngf6 5. e4 Be7 6. Be2 O-O 7. O-O c6 {LiveBook: 2365 Games} 8. dxe5 {A55: Old Indian Defence with Nf3 and e4} (8. Qc2 $14) (8. Re1 Qe8 9. Bf1 Bd8 10. h3 Qe7 11. Be3 Ba5 12. Nd2 Rd8 13. Qc2 Nf8 14. d5 h6 15. a3 Bb6 16. b4 Bxe3 17. Rxe3 {0-1 (65) Jakovenko,D (2726)-Jobava,B (2706) Loo 2014}) 8... dxe5 $11 9. h3 Qc7 10. Be3 {The position is equal.} Bc5 $146 ({Predecessor:} 10... Nc5 11. Qc2 Ne6 12. Rad1 Bc5 13. Bxc5 Nxc5 14. Rd2 h6 {0-1 (62) Omercic,M (2066)-Avdic,M (2221) Tuzla 2015}) 11. Bxc5 Nxc5 12. Qc2 a5 13. Rfd1 Be6 14. b3 Rfd8 15. Rxd8+ Rxd8 16. Rd1 Ra8 17. Bf1 Nfd7 {[%cal Bf6d7,Bd7f8,Bf8e6,Be6d4][%mdl 32]} 18. Qd2 f6 19. Ne1 Bf7 20. Nc2 Nf8 21. Qe3 Nfe6 22. g3 Rd8 23. Rd2 Rd6 24. Bg2 Qd8 25. Rxd6 Qxd6 26. Kh2 Nd4 27. Ne1 Bh5 28. h4 Kf8 29. Bh3 Ke7 30. f4 Bf7 31. Bf1 Nde6 {[%cal Re5f4]} 32. fxe5 fxe5 33. Nf3 Bh5 34. Be2 (34. Ne1 $17) 34... Bxf3 $19 35. Qxf3 $2 (35. Bxf3 Qd4 36. Nd1) 35... Qd2 36. Kh3 h5 {Hoping for ...g5.} 37. Nb1 $2 (37. Nd5+ Kd6 38. a3 Nxb3 {[%mdl 64] Deflection} 39. Qxb3 Qxe2 40. Qxb7 Qg4+ 41. Kh2 cxd5 42. c5+ {[%mdl 64] Decoy} Kxc5 43. Qxd5+ Kb6 44. Qd6+ Kb7 45. Qxe5) 37... Qxa2 {[%mdl 64] [#] Double Attack. Black is clearly winning.} 38. Nc3 Qd2 39. Nb1 Qe1 40. Nc3 g6 41. Kg2 Qd2 42. Kf2 {[#]} Qxc3 $1 {[%mdl 512] Accuracy: White = 21%, Black = 54%.} 0-1

[Event "IRT Club Caissa 2019"]
[Site "Guatemala"]
[Date "2019.01.10"]
[Round "2.6"]
[White "Mitkov, Nikola"]
[Black "Cardenas Carbajal, Nilson"]
[Result "1-0"]
[WhiteElo "2477"]
[BlackElo "2095"]
[Annotator "TA"]
[PlyCount "73"]
[EventDate "2019.01.09"]
[EventType "swiss"]
[EventCountry "GUA"]
[SourceTitle "playchess.com"]
[Source "ChessBase"]
[SourceQuality "1"]

{[%evp 13,73,-16,35,18,39,33,42,42,42,35,36,42,70,42,38,50,77,70,79,68,153,155,148,152,153,144,166,115,114,124,122,109,112,109,105,45,131,112,122,111,125,117,273,275,247,268,258,264,372,361,371,371,506,514,500,448,610,587,624,616,29979,29981]} 1. e4 c5 2. Nc3 d6 3. f4 g6 4. Nf3 Bg7 5. Bb5+ Bd7 6. Bc4 {B23: Closed Sicilian: Lines without g3} Nc6 7. d3 Nf6 {LiveBook: 3 Games} ({Better is} 7... Na5 $11) 8. e5 $14 {White is slightly better.} dxe5 9. fxe5 Nh5 10. Bxf7+ $1 Kxf7 11. e6+ $1 Bxe6 $146 {And now ...h6 would win.} ({Predecessor:} 11... Kg8 12. exd7 Qxd7 13. Be3 b6 14. Qd2 h6 15. O-O-O Kh7 16. Ne4 Rhf8 17. Kb1 Nf6 18. h4 Nxe4 19. dxe4 Qxd2 20. Rxd2 {½-½ (20) Perunovic,M (2606)-Seyb,A (2425) Biel 2017}) 12. Ng5+ Kg8 {White must now prevent ...Bd7.} 13. Nxe6 Qd6 14. Nxg7 Kxg7 15. Be3 $1 b6 16. Qd2 (16. Ne4 Qe5 $11) 16... Nf6 (16... h6 $14) 17. Bh6+ $16 Kf7 18. O-O-O Rhe8 19. Rde1 Rad8 20. Bf4 ({White should play} 20. h3 $18) 20... Qd7 21. Rhf1 Kg8 22. Bg5 Rf8 23. Bh6 Rf7 24. Rf4 (24. h3 $16) 24... a5 {[#]} (24... Nd4 $14) 25. Ref1 $1 a4 26. Nxa4 Nd4 {[#]} 27. Nc3 $1 ({Much weaker is} 27. Nxb6 $6 Qa7 $14) 27... Qa7 $2 (27... Nf5 $16) 28. g4 $18 {[%cal Bg2g4,Bg4g5][%mdl 32]} b5 29. g5 b4 30. Nb1 Ne6 (30... Qxa2 $142 31. gxf6 Rxf6 32. Rxf6 exf6 33. Rxf6 Qd5) 31. R4f3 {[%mdl 64] Pin} ({Weaker is} 31. gxf6 Nxf4 32. Qxf4 exf6 $18) 31... Nd4 32. R3f2 {[%mdl 64] Pin} ({Less strong is} 32. gxf6 Nxf3 33. Rxf3 exf6 $16) 32... c4 33. gxf6 exf6 34. Be3 Re7 35. Bxd4 Rxd4 36. Rxf6 {Strongly threatening Qh6.} cxd3 37. Qh6 {Accuracy: White = 84%, Black = 36%.} 1-0

[Event "IRT Club Caissa 2019"]
[Site "Guatemala"]
[Date "2019.01.10"]
[Round "2.7"]
[White "Gonzalez, Renier"]
[Black "Ramirez Marino, Richard Daniel"]
[Result "1-0"]
[WhiteElo "2451"]
[BlackElo "2080"]
[Annotator "TA"]
[PlyCount "81"]
[EventDate "2019.01.09"]
[EventType "swiss"]
[EventCountry "GUA"]
[SourceTitle "playchess.com"]
[Source "ChessBase"]
[SourceQuality "1"]

{[%evp 20,81,10,0,41,41,60,59,61,63,75,74,77,56,61,15,50,20,8,21,80,35,43,37,21,27,24,19,38,22,34,23,23,23,23,23,24,23,34,37,29,0,5,0,25,0,92,108,122,91,239,288,285,279,285,279,281,281,266,261,539,537,536,532]} 1. d4 g6 2. Nf3 Bg7 3. g3 c5 4. Bg2 cxd4 5. Nxd4 Nc6 6. Nb3 Nf6 7. e4 O-O 8. Nc3 d6 9. h3 Be6 10. O-O a5 11. a4 {LiveBook: 23 Games} Rc8 {A04: Unusual lines after 1 Nf3 and King's Indian Attack} 12. Nd5 Nb4 $146 ({Predecessor:} 12... Ne5 13. Nd4 Bd7 14. Re1 Re8 15. c3 e6 16. Ne3 Qb6 17. Qe2 Red8 18. f4 Nc6 19. Nb5 {1-0 (63) Petrosian,T (2539)-Alekseev,E (2604) Cochin 2004}) 13. c3 Nbxd5 {White is slightly better.} 14. exd5 Bd7 15. Re1 Re8 16. Be3 Qc7 17. Bd4 Ra8 18. Qe2 e5 19. dxe6 Bxe6 (19... Rxe6 $11 {keeps the balance.} 20. Be3 Re5) 20. Qd1 Bc4 {[#] Threatens to win with ...Rxe1+.} 21. Rxe8+ Rxe8 22. Nd2 Be6 23. Qf1 Bd7 24. Qc4 Bc6 25. b4 {Bxf6 is the strong threat.} d5 26. Qd3 Bd7 27. bxa5 Qxa5 28. Nb3 $36 {[%mdl 2048] White has good play.} Qc7 29. a5 Qc8 30. g4 Bc6 31. Rc1 Qe6 32. Nc5 Qe2 (32... Qe7 $11 {remains equal.}) 33. Qxe2 $16 Rxe2 34. c4 Ne4 (34... dxc4 $16 35. Bxc6 (35. Rxc4 Nd5 $14) 35... bxc6) 35. Bxg7 $18 Kxg7 36. cxd5 Bxd5 37. Bf3 Nxc5 38. Bxe2 Nb3 39. Rc3 Be6 $2 {[#]} (39... Kf6 40. f4 Ke6) 40. Rxb3 $1 {[%mdl 512]} Bxb3 41. Bf3 {Accuracy: White = 60%, Black = 40%.} 1-0

[Event "IRT Club Caissa 2019"]
[Site "Guatemala"]
[Date "2019.01.10"]
[Round "2.8"]
[White "Juarez Flores, Roberto"]
[Black "Zaragatski, Ilja"]
[Result "0-1"]
[WhiteElo "2109"]
[BlackElo "2465"]
[Annotator "TA"]
[PlyCount "66"]
[EventDate "2019.01.09"]
[EventType "swiss"]
[EventCountry "GUA"]
[SourceTitle "playchess.com"]
[Source "ChessBase"]
[SourceQuality "1"]

{[%evp 22,66,49,55,59,38,60,36,44,15,29,0,7,0,0,0,0,-62,-52,-66,-38,-45,10,-44,-33,-66,-63,-73,-63,-70,-68,-110,-85,-81,-79,-264,-240,-216,-221,-223,-220,-263,-229,-237,-229,-566,-556]} 1. d4 Nf6 2. c4 c5 3. d5 b5 4. cxb5 a6 5. b6 d6 6. Nc3 Qxb6 7. Nf3 {[%cal Bg1f3,Bf3d2,Bd2c4][%mdl 32]} g6 8. e4 Bg7 9. Nd2 O-O 10. a4 {[%cal Ba2a4,Ba4a5][%mdl 32] A57: Benko/Volga Gambit} Nbd7 11. a5 Qa7 12. Nc4 {LiveBook: 8 Games. White is slightly better.} Ne8 13. Be2 Nc7 14. Na4 Rb8 15. Nab6 {[#]} Na8 $146 {[%cal Rd7b6]} ({Predecessor:} 15... Nb5 16. O-O Nd4 {½-½ (69) Cruz Lledo,P (2232)-Pap,M (2521) La Roda 2010}) 16. Na4 Ne5 17. Ncb6 Nxb6 18. Nxb6 Nd7 19. Nxc8 ({Better is} 19. Nc4 $11) 19... Rfxc8 $15 20. Qc2 Rb4 21. O-O Rcb8 (21... Qb7 $15) 22. Ra2 ({White should play} 22. Rb1 $11) 22... Bd4 23. Kh1 Qb7 {[%cal Rd4b2]} 24. h3 Nf6 25. Bd3 Qc8 ({Reject} 25... Bxb2 26. Bd2 $11) 26. Rd1 e6 27. dxe6 Qxe6 28. Ra4 $2 {[#]} (28. b3 $17) 28... Rxa4 29. Qxa4 Nxe4 30. Bxe4 Qxe4 31. Be3 Rb4 32. Qd7 Bxe3 33. Re1 $2 {[#]} (33. fxe3 Rxb2 34. Rg1) 33... Rxb2 {Precision: White = 27%, Black = 67%.} 0-1

[Event "IRT Club Caissa 2019"]
[Site "Guatemala"]
[Date "2019.01.10"]
[Round "3.1"]
[White "Mareco, Sandro"]
[Black "Gonzalez, Renier"]
[Result "1-0"]
[WhiteElo "2661"]
[BlackElo "2451"]
[Annotator "TA"]
[PlyCount "99"]
[EventDate "2019.01.09"]
[EventType "swiss"]
[EventCountry "GUA"]
[SourceTitle "playchess.com"]
[Source "ChessBase"]
[SourceQuality "1"]

{[%evp 18,99,25,26,31,24,33,25,32,33,36,34,37,36,50,38,50,26,64,63,57,49,52,12,16,0,0,0,28,10,20,9,13,9,9,9,79,79,97,90,90,91,101,99,100,103,100,104,240,240,240,240,240,240,240,233,234,228,237,218,218,218,328,328,352,262,234,240,241,219,252,254,312,252,427,440,413,414,525,517,706,698,1413,1322]} 1. Nf3 Nf6 2. c4 c6 3. g3 d5 4. Bg2 e6 5. b3 Nbd7 6. Bb2 Bd6 7. d4 b6 {E01: Catalan: Early deviations} (7... O-O 8. O-O Qe7 9. Nc3 dxc4 10. bxc4 e5 11. e3 Ba3 12. Bxa3 Qxa3 13. Qb3 Qxb3 14. axb3 exd4 15. exd4 Rd8 16. Rfd1 Nb6 17. d5 cxd5 {1-0 (50) Kanmazalp,O (2471)-Spalir,J (2363) Budapest 2018}) 8. O-O Bb7 9. Nc3 O-O 10. Nd2 {LiveBook: 3 Games} Re8 11. e4 dxe4 12. Ndxe4 Nxe4 13. Nxe4 Be7 14. Qc2 Nf6 15. Rad1 Rc8 $146 ({Predecessor:} 15... h6 16. Nc3 Qc7 17. Rd2 Rad8 {½-½ (43) Karabakhtsian,A (2287)-Aslakhanov,T (2066) Belorechensk 2007}) 16. Rfe1 Nxe4 17. Bxe4 g6 18. a3 Bf6 19. b4 Bg7 20. a4 Re7 21. Re3 Rd7 22. Red3 Qe7 23. Bc3 Rcd8 24. c5 Rc8 25. Qb3 Ba6 26. R3d2 b5 {[#]} (26... Qd8 $11 {keeps the balance.}) 27. a5 $1 $16 Rcc7 28. Bb2 {[%cal Bc3b2,Bb2c1,Bc1f4,Bf4e5][%mdl 32]} Bb7 29. Rd3 a6 30. Bc1 Rc8 31. Bf4 Rcd8 {[%cal Rd7d4]} 32. Qc3 Rd5 (32... Qf8 $16) 33. Bxd5 $18 Rxd5 34. Be5 f6 35. Bd6 Qf7 36. Re1 Bc8 37. Rde3 h5 38. h4 Bh6 39. Re4 Qd7 (39... Qe8 $142 40. Bf4 Bf8) 40. Bf4 ({Don't take} 40. Rxe6 Qxe6 41. Rxe6 Bxe6 $18) 40... Bf8 41. Qe3 Kf7 42. Bh6 Be7 43. Qf4 Qb7 44. Qf3 Bd7 45. Be3 Kg7 $2 (45... Qb8 {was called for.} 46. Bf4 Qc8) 46. Qf4 {Black must now prevent Qh6+.} g5 47. hxg5 Rxg5 48. Qh4 {White is clearly winning.} Rd5 {[#]} 49. Re5 $1 {[%mdl 576] Pin} Be8 (49... Rxe5 50. dxe5) 50. Rxe6 {Accuracy: White = 80%, Black = 36%.} 1-0

[Event "IRT Club Caissa 2019"]
[Site "Guatemala"]
[Date "2019.01.10"]
[Round "3.2"]
[White "Calderin Gonzalez, Roberto"]
[Black "Almeida Quintana, Omar"]
[Result "0-1"]
[WhiteElo "2427"]
[BlackElo "2540"]
[Annotator "TA"]
[PlyCount "82"]
[EventDate "2019.01.09"]
[EventType "swiss"]
[EventCountry "GUA"]
[SourceTitle "playchess.com"]
[Source "ChessBase"]
[SourceQuality "1"]

{[%evp 18,82,49,0,0,0,0,0,0,0,0,0,0,0,1,-5,0,0,0,0,0,0,0,-19,-16,-6,0,0,0,0,27,-65,-64,-106,-111,-100,-99,-253,-255,-294,-316,-353,-335,-316,-300,-274,-5872,-5859,-5859,-5173,-5173,-4996,-4802,-2887,-2668,-29962,-29966,-29965,-29967,-29967,-29964,-29966,-4727,-29983,-29984,-29984,-29985]} 1. d4 g6 2. c4 Bg7 3. e4 d6 4. Nc3 Nf6 5. Nf3 O-O 6. Be2 Na6 7. O-O e5 8. Bg5 h6 9. Bh4 Qe8 10. Re1 {LiveBook: 10 Games. E94: King's Indian: Classical: 6 Be2 e5 7 0-0: Various Black 7th moves} (10. Bxf6 $5 Bxf6 11. c5 $14) (10. Bxf6 Bxf6 11. c5 c6 12. cxd6 exd4 13. Nxd4 Nc5 14. Nb3 Nxb3 15. axb3 Be5 16. f4 Bxc3 17. bxc3 Qxe4 18. Qd2 Bf5 19. Bf3 {½-½ (30) Mozharov,M (2539)-Afanasiev,N (2364) Moscow 2018}) 10... exd4 11. Qxd4 g5 12. Bg3 {The position is equal.} Nh5 13. Qd2 Nxg3 14. hxg3 Nc5 15. Bf1 $146 ({Predecessor:} 15. Bd3 a5 16. Bc2 Be6 17. Nd4 Qd8 {1-0 (34) Milov,V (2410)-Lamoureux,C (2345) Paris 1993}) 15... a5 16. Nd4 Qd8 17. Nf5 Bxf5 18. exf5 c6 19. Rad1 Qf6 20. Qxd6 Qxd6 21. Rxd6 {Hoping for f6.} Bxc3 22. bxc3 Rfe8 23. Red1 Kg7 24. f6+ ({White should try} 24. g4 $11) 24... Kg6 $15 25. Bd3+ Nxd3 26. R6xd3 $17 {[%mdl 4096] Endgame KRR-KRR} Re2 27. Rd7 $2 {[#]} (27. R3d2 $17 {was called for.} Rae8 28. Kf1) 27... Rxa2 $19 28. Rxb7 a4 {[%cal Ba5a4,Ba4a3,Ba3a2][%mdl 32]} 29. Rdd7 a3 ({Inferior is} 29... Kxf6 30. Rxf7+ Ke5 31. Rbd7 $11) 30. Rxf7 {intending Rbe7.} Rb2 31. Ra7 Rxa7 32. Rxa7 {KR-KR} a2 33. f7 Kg7 34. Kh2 g4 35. c5 h5 {[%cal Bh6h5,Bh5h4,Bh4h3][%mdl 32]} 36. c4 Kf8 37. Ra3 Rxf2 38. Kg1 Rc2 39. Ra7 h4 40. Kh2 h3 $1 {[%cal Rh3g2]} 41. Ra6 Kxf7 {Accuracy: White = 27%, Black = 90%.} 0-1

[Event "IRT Club Caissa 2019"]
[Site "Guatemala"]
[Date "2019.01.10"]
[Round "3.3"]
[White "Juarez Flores, Carlos A."]
[Black "Barrientos, Sergio E"]
[Result "0-1"]
[WhiteElo "2377"]
[BlackElo "2494"]
[Annotator "TA"]
[PlyCount "154"]
[EventDate "2019.01.09"]
[EventType "swiss"]
[EventCountry "GUA"]
[SourceTitle "playchess.com"]
[Source "ChessBase"]
[SourceQuality "1"]

{[%evp 15,154,18,42,-8,0,-25,-20,-20,-12,-64,21,-50,-31,-35,-12,-14,-8,-9,0,-7,-16,-2,0,-14,0,0,-4,-18,-14,-13,-14,-17,0,-43,-47,-39,-12,-42,-32,-26,0,-2,0,0,0,-6,0,0,0,0,0,-12,-12,-16,-23,-31,-31,-31,-35,-38,-31,-25,-12,-19,0,-16,0,0,0,-16,-16,-24,-24,-27,-16,-76,0,0,0,-22,-8,-93,-91,-93,-92,-61,-72,-99,-8,-8,-8,-15,-6,-15,0,0,0,-58,-53,-58,-33,-142,-142,-142,-99,-99,-99,-99,-106,-106,-55,-39,0,-114,-14,-19,0,0,0,-55,0,0,0,-1755,-1433,-4340,-2469,-29977,-29978,-29978,-29979,-29972,-29972,-29984,-29985,-29985,-29986,-29986,-29983,-29988,-29971]} 1. d4 Nf6 2. c4 e6 3. Nc3 Bb4 4. e3 d5 5. Nf3 O-O 6. Bd2 c6 7. Bd3 Nbd7 8. O-O Qe7 {LiveBook: 16 Games} 9. Qb3 {D46: Semi-Slav: 5 e3 Nbd7 6 Bd3, Black avoids the Meran} (9. Qc2 Bd6 10. cxd5 exd5 11. Rfe1 Qd8 12. e4 dxe4 13. Nxe4 Nxe4 14. Bxe4 Nf6 15. Bg5 h6 16. Bh4 Be7 17. Bh7+ {0-1 (63) Hoffmann,M (2479)-Epishin,V (2579) Nuremberg 2012}) 9... Bd6 10. e4 {And now e5 would win.} dxc4 11. Qxc4 $146 {The position is equal.} ({Predecessor:} 11. Bxc4 e5 12. d5 b5 13. Be2 Nc5 14. Qc2 b4 15. Na4 Nxa4 16. Qxa4 cxd5 17. exd5 {0-1 (38) Porreca,G-Rellstab,L Dubrovnik 1950}) 11... e5 $1 12. Rfe1 (12. Ne2 $11) 12... Re8 (12... exd4 $1 $15 13. Ne2 c5) 13. h3 (13. Ne2 $11) 13... exd4 $1 $15 14. Qxd4 Bc5 15. Qa4 Ne5 16. Nxe5 Qxe5 17. Be3 $1 Bxe3 18. Rxe3 Be6 19. Rae1 Nh5 20. Bf1 Nf4 21. Rd1 a5 22. Qc2 Red8 23. Ree1 h5 24. Rxd8+ Rxd8 25. Rd1 Rd4 26. a3 c5 27. h4 Qf6 28. Rxd4 cxd4 29. Nb5 d3 30. Bxd3 Qxh4 31. Bf1 Qg5 32. Nd4 h4 33. Nf3 Nh3+ 34. Kh1 Qf4 35. gxh3 Qxf3+ {[%mdl 64] Double Attack} 36. Bg2 Qf4 37. Kg1 g5 38. Qc3 b6 39. Qd4 b5 40. Qd8+ Kg7 41. Qxa5 Qc1+ {[%mdl 64] Double Attack} 42. Kh2 Qxb2 43. Qb6 Qe5+ 44. Kg1 Bc4 45. Qd8 (45. Qe3 $11) 45... f6 (45... Qa1+ $1 $17 46. Kh2 Qe5+ 47. Kg1 Qa1+ 48. Kh2 Qe5+ 49. Kg1) 46. Qd7+ $11 Kg6 47. Qd1 Qc3 48. Qf3 (48. Bf1 $1 $11 {remains equal.}) 48... Qe1+ $17 49. Kh2 Be6 50. Bh1 Kf7 51. Bg2 Qa1 (51... Ke7 $17) 52. Qe3 $11 Qe5+ 53. Kg1 Kg6 54. Bf1 Bc4 (54... Qa1 $5 55. Kg2 $8 Qb2 $11) 55. Be2 Be6 56. Bg4 ({White should try} 56. Bf1 $11) 56... Bxg4 $15 57. hxg4 {[%mdl 4096] Endgame KQ-KQ} Qa1+ 58. Kg2 (58. Kh2 $1 $15) 58... Qd1 $17 59. f3 Qd6 60. Qb3 Kg7 {Threatens to win with ...Qg3+.} 61. Qe3 Qg3+ 62. Kf1 {[#]} h3 ({Better is} 62... Qc7 $1 $17 63. Kg1 Kh6) 63. Qf2 $1 $15 {[%cal Rf2g3]} Qd6 {...Qd1+ is the strong threat.} 64. Kg1 (64. Qa7+ $1 $11 {was the only way to keep the balance.} Kh6 65. Qa8) 64... Qxa3 ({Black should play} 64... Kf7 $17 65. Qe2 Ke6) 65. Kh2 $11 Qc3 66. Kxh3 b4 {Hoping for ...b3.} 67. Kg2 (67. Qa7+ $1 $11 Kg8 68. Kg2) 67... b3 (67... Kf7 $1 $15 68. Qa7+ Ke6) 68. Qa7+ $1 Kf8 {White must now prevent ...Ke8.} 69. Qb8+ $2 {[%mdl 8192] [#]} (69. Qd7 $11) 69... Ke7 $1 $19 70. e5 fxe5 71. Qb7+ Kd6 {Black mates.} 72. Qb6+ Kd5 73. Qd8+ Kc4 74. Qg8+ Kd3 75. Qg6+ Ke2 76. Qa6+ Qd3 77. Qb7 Kd1 {Accuracy: White = 48%, Black = 40%.} 0-1

[Event "IRT Club Caissa 2019"]
[Site "Guatemala"]
[Date "2019.01.10"]
[Round "3.4"]
[White "Cuenca Jimenez, Jose Fernando"]
[Black "Cu Hor, Winston Darwin"]
[Result "1-0"]
[WhiteElo "2512"]
[BlackElo "2320"]
[Annotator "TA"]
[PlyCount "87"]
[EventDate "2019.01.09"]
[EventType "swiss"]
[EventCountry "GUA"]
[SourceTitle "playchess.com"]
[Source "ChessBase"]
[SourceQuality "1"]

{[%evp 22,87,33,27,54,48,66,71,72,71,59,70,94,74,75,72,69,65,89,89,100,55,61,32,76,45,44,22,18,28,34,12,12,14,37,30,40,35,65,52,68,72,64,42,70,51,61,86,80,60,123,121,142,154,216,195,313,299,398,256,303,302,320,318,693,673,1264,727]} 1. e4 c5 2. Nf3 d6 3. Bb5+ Bd7 4. Bxd7+ Qxd7 5. c4 Nc6 6. Nc3 g6 7. d4 cxd4 8. Nxd4 Bg7 9. Be3 Nf6 10. f3 Rc8 11. Nde2 O-O 12. O-O {LiveBook: 32 Games} Qe6 $146 {B52: Sicilian: Moscow Variation with 3...Bd7} ({Predecessor:} 12... Rfd8 13. Rc1 e6 14. Bg5 Qc7 15. Qd2 Qa5 16. Rfd1 Rd7 17. b3 a6 18. Kh1 h5 19. Na4 Qc7 20. Qe3 Rb8 21. Nb6 Rdd8 22. Rd2 Kh7 23. Rcd1 Ne5 24. a4 Ned7 25. a5 Ne5 26. Qf4 Ne8 {Movsesian,S (2721)-Andriasian,Z (2585) Warsaw 2010}) 13. b3 Nd7 14. Rb1 f5 {White is better.} 15. Qd2 Nf6 {[%cal Rf5e4]} 16. exf5 gxf5 17. Rfe1 Qf7 18. Rbd1 a6 19. Bh6 Bxh6 20. Qxh6 Kh8 21. Qe3 Rg8 22. Nd4 {aiming for Nxc6.} Qg6 {[%csl Gg8][%cal Rg6g2] [#]} 23. Rd2 (23. Re2 {is more complex.} f4 24. Qe6 Nxd4 25. Rxd4 Rc5 26. Rdd2) 23... f4 24. Qd3 Qxd3 25. Rxd3 {Strongly threatening Nxc6.} Ne5 26. Rdd1 b5 $1 27. Nce2 bxc4 28. Nxf4 cxb3 29. axb3 Rb8 30. Nfe6 Nh5 31. Re3 Ng7 32. Nxg7 Rxg7 33. f4 Ng4 34. Re6 Rf7 35. g3 $36 {[%mdl 2048] White has good play.} Nf6 ({Black should try} 35... h5 $14) 36. Nc6 $16 Rxb3 37. Nxe7 a5 (37... d5 $16 38. Nxd5 Ng4) 38. Rdxd6 $18 {[#] White wants to mate with Rd8+.} Rb1+ (38... h5 $142 39. Ng6+ (39. Rxf6 Rxe7 40. Rh6+ Kg7 $16) 39... Kg7) 39. Kg2 {Threatening mate with Rd8+.} Kg7 40. Ra6 {Hoping for Nf5+.} Rb2+ 41. Kh3 Rb5 42. g4 h6 $2 (42... Nd7 43. Nf5+ Rbxf5) 43. Nf5+ Kg6 44. Nxh6 {Accuracy: White = 61%, Black = 49%.} 1-0

[Event "IRT Club Caissa 2019"]
[Site "Guatemala"]
[Date "2019.01.10"]
[Round "3.5"]
[White "Strikovic, Aleksa"]
[Black "Galvez Dastin, Eduardo"]
[Result "1-0"]
[WhiteElo "2490"]
[BlackElo "2239"]
[Annotator "TA"]
[PlyCount "69"]
[EventDate "2019.01.09"]
[EventType "swiss"]
[EventCountry "GUA"]
[SourceTitle "playchess.com"]
[Source "ChessBase"]
[SourceQuality "1"]

{[%evp 17,69,-26,-31,-62,0,0,0,0,0,0,0,0,8,5,5,2,7,7,13,2,2,2,2,2,57,50,59,54,54,56,63,10,10,10,9,12,10,4,83,87,118,117,153,158,158,161,378,364,407,403,400,391,540,532]} 1. e4 c6 2. d4 d5 3. Nc3 dxe4 4. Nxe4 Bf5 5. Ng3 Bg6 6. Nh3 Nf6 7. Nf4 Nbd7 {B18: Classical Caro-Kann: 4...Bf5 sidelines} 8. h4 e5 9. Nxg6 hxg6 {LiveBook: 5 Games. Black has an edge.} 10. Qe2 Be7 $146 (10... Bd6 $15) ({Predecessor:} 10... Qe7 11. Bg5 exd4 12. O-O-O Qxe2 13. Bxe2 Bc5 14. Bc4 Kf8 15. Rhe1 {½-½ (25) Yemelin,V (2574)-Bareev,E (2711) Sochi 2004}) 11. dxe5 $11 Qa5+ 12. Bd2 Qxe5 13. O-O-O Qxe2 14. Bxe2 Bc5 15. h5 $36 {[%mdl 2048] White is pushing.} gxh5 16. Nxh5 Nxh5 17. Bxh5 Nf6 18. Rhe1+ Kf8 19. Bf3 Bxf2 20. Re5 Re8 (20... Rh4 $11) 21. Bb4+ $14 Kg8 22. Rxe8+ Nxe8 23. Rd8 Rh1+ 24. Bd1 (24. Kd2 $1 $14 Be1+ 25. Kd3 Bxb4 26. Rxe8+ Bf8 27. Rb8) 24... Be3+ $11 25. Bd2 Bxd2+ 26. Kxd2 {[%mdl 4096] Endgame KRB-KRN} Kf8 27. Rb8 Rh4 (27... b6 $11 {remains equal.}) 28. Rxb7 $16 Rd4+ 29. Kc1 a5 30. Bf3 Nd6 31. Rd7 {[#] aiming for c3.} c5 $2 (31... Nf5 32. Ra7 (32. Bxc6 Rxd7 33. Bxd7 Ne3 $16) 32... a4) 32. c3 $18 Rd3 33. Kc2 c4 34. b3 cxb3+ 35. axb3 {Accuracy: White = 77%, Black = 34%.} 1-0